Harry Potter Chain Quiz - Statistics

General Stats
  • This quiz has been taken 1,479 times
  • The average score is 16 of 24
Answer Stats
Hint Answer % Correct
The School Hogwarts
100%
Keeper of Keys and Grounds at Hogwarts Hagrid
95%
The small golden ball in Quiditch Snitch
95%
In love with Lily Always Snape
89%
Professor Lupin (First Name) Remus
87%
One of the Hogwarts houses Hufflepuff
86%
Wandmaker in Diagon Alley Ollivander
84%
Charms Professor (surname) Flitwick
82%
The Black family's house elf Kreacher
80%
First name of the reporter in the Goblet of Fire Rita
79%
Acromantula raised by Hagrid Aragog
78%
Harry's Friend and Killer of Nagini Neville
78%
Scandinavian Wizarding School Durmstrang
77%
One of the Deathly Hallows Elder Wand
76%
Disarming spell Expelliarmus
69%
Dumbledore leaves this to Ron in his will Deluminator
63%
Mirror Harry discovers in his first year Erised
62%
Conductor of the Knight Bus Stan
58%
Spell used on boggarts Riddikulus
49%
Wandmaker Gregorovitch
38%
Auror (John) Dawlish
19%
A Dark arts detector Sneakoscope
15%
Duplicating Spell Geminio
13%
Hogwarts Subject Study of Ancient Runes
7%
No matching quizzes found
Score Distribution
Percent of People with Each Score
Percentile by Number Answered
Your Score History
You have not taken this quiz